Southville International School and Colleges
Your cart is empty.
  • Cart
  • Lists
    Public lists list_1 View all
    Your lists Log in to create your own lists
  • Log in to your account
  • Your cookies
  • Search history
Southville International School and Colleges
  • Advanced search
  • Recent comments
  • Most popular
  • Libraries

Log in to your account

Log in with GOOGLE


If you do not have an external account, but do have a local account, you can still log in:

  1. Home
  2. MARC view: Innovations in sustainable consumption :
Normal view MARC view ISBD view

Innovations in sustainable consumption : (Record no. 25953)

[ view plain ]
MARC details
000 -LEADER
fixed length control field 00911nam a22002417a 4500
005 - DATE AND TIME OF LATEST TRANSACTION
control field 20140313100409.0
008 - FIXED-LENGTH DATA ELEMENTS--GENERAL INFORMATION
fixed length control field 140108b xxu||||| |||| 00| 0 eng d
020 ## - INTERNATIONAL STANDARD BOOK NUMBER
International Standard Book Number 9781781001257
050 ## - LIBRARY OF CONGRESS CALL NUMBER
Classification number HC 79 .E5
Item number .In58 2013
245 ## - TITLE STATEMENT
Title Innovations in sustainable consumption :
Remainder of title new economics, socio-technical transitions and social practices /
Statement of responsibility, etc ed. by Maurie J. Cohen, Halina Szejnwald Brown and Philip J. Vergragt.
260 ## - PUBLICATION, DISTRIBUTION, ETC. (IMPRINT)
Place of publication, distribution, etc Cheltenham, UK :
Name of publisher, distributor, etc Edward Elgar,
Date of publication, distribution, etc 2013.
300 ## - PHYSICAL DESCRIPTION
Extent xxi, 289 p. :
Other physical details ill. ;
Dimensions 24 cm.
504 ## - BIBLIOGRAPHY, ETC. NOTE
Bibliography, etc Includes Bibliographic References and Index.
521 ## - TARGET AUDIENCE NOTE
Target audience note
650 ## - SUBJECT ADDED ENTRY--TOPICAL TERM
Topical term or geographic name as entry element Sustainable living.
650 ## - SUBJECT ADDED ENTRY--TOPICAL TERM
Topical term or geographic name as entry element Human ecology.
650 ## - SUBJECT ADDED ENTRY--TOPICAL TERM
Topical term or geographic name as entry element Consumption (Economics)
General subdivision Environmental aspects.
700 ## - ADDED ENTRY--PERSONAL NAME
Personal name Cohen Maurie J.
Relator term editor.
700 ## - ADDED ENTRY--PERSONAL NAME
Personal name Brown, Halina Szejnwald
Relator term editor.
700 ## - ADDED ENTRY--PERSONAL NAME
Personal name Vergragt, Philip J.
Relator term editor.
942 ## - ADDED ENTRY ELEMENTS (KOHA)
Source of classification or shelving scheme Library of Congress Classification
Koha item type Books
Call number prefix Foreign
Holdings
Withdrawn status Lost status Source of classification or shelving scheme Damaged status Home library Current library Shelving location Date acquired Total Checkouts Full call number Barcode Date last seen Copy number Price effective from Koha item type
Withdrawn   Library of Congress Classification   College Library College Library Reserve Section 01/08/2014   HC 79 .E5 .In58 2013 C17405 01/08/2014 1 01/08/2014 Books

Innovations in sustainable consumption :

APA

Cohen Maurie J, Brown H. S. & Vergragt P. J. (2013). Innovations in sustainable consumption. Cheltenham, UK: Edward Elgar.

Chicago

Cohen Maurie J, Brown Halina Szejnwald and Vergragt Philip J. 2013. Innovations in sustainable consumption. Cheltenham, UK: Edward Elgar.

Harvard

Cohen Maurie J, Brown H. S. and Vergragt P. J. (2013). Innovations in sustainable consumption. Cheltenham, UK: Edward Elgar.

MLA

Cohen Maurie J, Brown Halina Szejnwald and Vergragt Philip J. Innovations in sustainable consumption. Cheltenham, UK: Edward Elgar. 2013.

  • Print
  • Cite
  • Add to your cart (remove)
  • Save record
    BIBTEX Dublin Core MARCXML MARC (non-Unicode/MARC-8) MARC (Unicode/UTF-8) MARC (Unicode/UTF-8, Standard) MODS (XML) RIS
  • More searches
    Search for this title in:
    Other Libraries (WorldCat) Other Databases (Google Scholar) Online Stores (Bookfinder.com) Open Library (openlibrary.org)

Exporting to Dublin Core...

SOUTHVILLE LIBRARY

Southville International School and Colleges Library

1281 Tropical Ave. Cor. Luxembourg St., BF Homes International, Las Pinas City

Tel. No. 8256374 / 252358 Loc. 117/146

Powered by Koha